| 000 | 00709nam a2200217Ia 4500 | ||
|---|---|---|---|
| 008 | 140321s9999 xx 000 0 und d | ||
| 020 | _a9781448855209 | ||
| 050 |
_aHD 69.S8 _b.W44 2012 |
||
| 100 | _aWeinick, Suzanne | ||
| 245 |
_aProfessional connections : _blearning how to network / _cSuzanne Weinick. |
||
| 250 | _a1st ed. | ||
| 260 |
_aNew York : _bRosen Pub., _cc2012. |
||
| 300 |
_a80 p. : _bcol. ill. ; _c24 cm. |
||
| 440 | _a(Communicating with confidence). | ||
| 500 | _aIncludes bibliographical references and index. | ||
| 521 | _aBSBA | ||
| 650 |
_aBusiness communication _xJuvenile literature. |
||
| 650 |
_aBusiness networks _xJuvenile literature. |
||
| 942 |
_kFOR _cBK |
||
| 999 |
_c48185 _d48185 |
||